000 00978nam a22003137a 4500
003 CHAP
005 20220817043023.0
008 971010s1973 r 00010 d
010 _a62982
011 _a63954
035 _a68846
040 _cCHAP
090 _aFolleto 4583
100 0 0 _aEstrada, Luis.
_938457
245 1 _aLuz y microondas
260 _aMéxico, D. F. :
_bAsociación Nacional de Universidades e Institutos de Enseñanza Superior,
_c1973
300 _a51 P.
490 _aTemas básicos ciencias naturales
590 _aBATCH-UPD
_b10
_c20130110
_lUCH01
_h1019
590 _aBATCH-UPD
_b10
_c20130410
_lUCH01
_h0625
590 _aBATCH-UPD
_b10
_c20130914
_lUCH01
_h1557
590 _aCONVERSION
_b10
_c20130109
_lUCH01
_h1334
650 1 4 _aMicroondas.
_975518
650 1 4 _aOscilaciones eléctricas.
_984176
830 0 _aTemas básicos ciencias naturales
901 _aBK
942 _cFOLL
949 _aFolleto 4583
_bBC
_cFOLL
_d-142216
_eTS1
_i68846
_si
999 _c62982
_d62982